<?xml version="1.0" encoding="UTF-8"?>
<record
    xmlns:xsi="http://www.w3.org/2001/XMLSchema-instance"
    xsi:schemaLocation="http://www.loc.gov/MARC21/slim http://www.loc.gov/standards/marcxml/schema/MARC21slim.xsd"
    xmlns="http://www.loc.gov/MARC21/slim">

  <leader>02086nam a22002537a 4500</leader>
  <controlfield tag="003">OSt</controlfield>
  <controlfield tag="005">20220811164226.0</controlfield>
  <controlfield tag="008">190725b        xxu||||| |||| 00| 0 eng d</controlfield>
  <datafield tag="010" ind1=" " ind2=" ">
    <subfield code="a">2006035667</subfield>
  </datafield>
  <datafield tag="020" ind1=" " ind2=" ">
    <subfield code="a">0132208717</subfield>
  </datafield>
  <datafield tag="040" ind1=" " ind2=" ">
    <subfield code="c">LC</subfield>
  </datafield>
  <datafield tag="050" ind1=" " ind2=" ">
    <subfield code="a">RJ245.P44</subfield>
  </datafield>
  <datafield tag="100" ind1=" " ind2=" ">
    <subfield code="a">Ball, Jane W.</subfield>
    <subfield code="9">134</subfield>
  </datafield>
  <datafield tag="245" ind1=" " ind2=" ">
    <subfield code="a">Pediatric nursing: caring for children. /</subfield>
    <subfield code="c">Jane W. Ball, Ruth C. Bindler.</subfield>
  </datafield>
  <datafield tag="250" ind1=" " ind2=" ">
    <subfield code="a">4th ed.</subfield>
  </datafield>
  <datafield tag="260" ind1=" " ind2=" ">
    <subfield code="a">New Jersey:</subfield>
    <subfield code="b">Pearson:</subfield>
    <subfield code="c">2008.</subfield>
  </datafield>
  <datafield tag="300" ind1=" " ind2=" ">
    <subfield code="a">xxx,1376 p.:</subfield>
    <subfield code="b">ill;</subfield>
    <subfield code="c">28cm.</subfield>
  </datafield>
  <datafield tag="500" ind1=" " ind2=" ">
    <subfield code="a">Includes bibliographical references and index.</subfield>
  </datafield>
  <datafield tag="505" ind1=" " ind2=" ">
    <subfield code="a">Contents: Nurse's role in care of the child -- Family-centered care and cultural considerations -- Genetic and genomic influences -- Growth and development -- Pediatric assessment -- Introduction to health promotion and maintenance -- Health promotion and maintenance for the newborn and infant -- Health promotion and maintenance for the toddler and preschooler -- Health promotion and maintenance for the school-age child and adolescent -- Nursing considerations for the child in the community -- The hospitalized child -- The child with a chronic condition -- The child with a life-threatening condition and end of life care -- Infant,child and adolescent nutrition -- Pain assessment -- Immunizations and communicable diseases -- Assessment and management of social and environmental influences -- Alterations in fluid,electrolyte and acid-base balance -- Alterations in eye, ear, nose and throat function -- Alterations in respiratory function -- Alterations in Immune function -- Alterations in hematologic function -- The child with cancer -- Alterations in gastrointestinal function -- Alterations in genitourinary function -- Alterations in genitourinary function -- Alterations in mental health and cognition -- Alterations in musculoskeletal function -- Alterations in endocrine and metabolic function -- Alterations in skin integrity --</subfield>
  </datafield>
  <datafield tag="650" ind1=" " ind2=" ">
    <subfield code="2">Pediatric nursing - methods</subfield>
  </datafield>
  <datafield tag="650" ind1=" " ind2=" ">
    <subfield code="2">Child</subfield>
    <subfield code="v">Infant</subfield>
    <subfield code="x">Nursing assessment - methods</subfield>
    <subfield code="9">135</subfield>
  </datafield>
  <datafield tag="700" ind1=" " ind2=" ">
    <subfield code="a">Bindler, Ruth C.</subfield>
    <subfield code="9">136</subfield>
  </datafield>
  <datafield tag="942" ind1=" " ind2=" ">
    <subfield code="2">lcc</subfield>
    <subfield code="c">BK</subfield>
  </datafield>
  <datafield tag="999" ind1=" " ind2=" ">
    <subfield code="c">9135</subfield>
    <subfield code="d">16635</subfield>
  </datafield>
  <datafield tag="952" ind1=" " ind2=" ">
    <subfield code="0">0</subfield>
    <subfield code="1">0</subfield>
    <subfield code="2">lcc</subfield>
    <subfield code="4">0</subfield>
    <subfield code="7">0</subfield>
    <subfield code="a">WIUC-KL</subfield>
    <subfield code="b">WIUC-KL</subfield>
    <subfield code="c">NURS L.</subfield>
    <subfield code="d">2019-12-02</subfield>
    <subfield code="l">0</subfield>
    <subfield code="o">RJ245.P44(4e)</subfield>
    <subfield code="p">KSN/947/947/19</subfield>
    <subfield code="r">2022-08-11 00:00:00</subfield>
    <subfield code="w">2022-08-11</subfield>
    <subfield code="y">BK</subfield>
  </datafield>
</record>
